Ipswich Town Players by Picture #4 - Statistics

General Stats
  • This quiz has been taken 226 times
  • The average score is 15 of 30
Answer Stats
Picture Answer % Correct
Luke Chambers
96%
Darren Bent
89%
Tony Mowbray
88%
Jim Magilton
81%
Marcus Stewart
81%
Roger Osborne
72%
Eric Gates
70%
Jaime Peters
66%
Matteo Sereni
66%
Kevin Beattie
65%
Alan Sunderland
64%
Martyn Waghorn
61%
Flynn Downes
57%
Trevor Putney
56%
Carlos Edwards
53%
Alex Bruce
50%
Claus Thomsen
50%
Stuart Slater
49%
Sylvain Legwinski
46%
Gus Uhlenbeek
41%
Ian Atkins
34%
Ray Crawford
32%
Tommy Parkin
26%
Les Tibbott
23%
Tony Humes
22%
Frank Clarke
15%
Mick McNeil
9%
Joe Broadfoot
6%
Ken Malcolm
5%
Billy Reed
2%
No matching quizzes found
Score Distribution
Percent of People with Each Score
Percentile by Number Answered
Your Score History
You have not taken this quiz